000 00609nam a2200229 a 4500
003 BD-DhJNU
005 20241217044249.0
008 110328s1998 bg a g 000 0 eng d
020 _a9840514601
040 _aBD-DhJNU
_bENG
_cBD-DhJNU
_dBD-DhJNU
082 0 4 _a323.954 HUM
_223
245 0 0 _aHuman Rights in Bangladesh 1997 /
250 _a1st ed.
260 _aDhaka :
_bUPL,
_c1998.
300 _axvi, 131 p. :
_bill. ;
_c22 cm.
504 _aIncludes bibliographical references
520 0 _aSocial Science
650 1 7 _aHuman Rights
650 1 7 _aCivil Rights
651 4 _aBangladehs
942 _cBK
999 _c1007
_d1007